| 000 | 00955nam a2200253 i 4500 | ||
|---|---|---|---|
| 001 | 8847 | ||
| 003 | ES-MaACL | ||
| 005 | 20250728030658.0 | ||
| 007 | t| | ||
| 008 | 921105s1992 sp ||||1| spa d | ||
| 020 | _a8486314747 | ||
| 080 | _a86(Hernández,M.7 C.06) | ||
| 100 | 1 |
_aGonzález Landa, Mª del Carmen. _958738 |
|
| 245 | 1 | 0 |
_aEstudio del "Cancionero y romancero de ausencias" de Miguel Hernández / _cMª del Carmen González Landa. |
| 260 |
_aAlicante : _bCaja de Ahorros Provincial, _c1992. |
||
| 300 |
_a278 p. ; _c22 cm. |
||
| 490 | 1 |
_aPublicaciones de la Caja de Ahorros Provincial de Alicante ; _v159 |
|
| 600 | 1 | 4 |
_aHernández, Miguel, _d1910-1942- _xCrítica e interpretación _962846 |
| 710 | 2 |
_aCaja de Ahorros Provincial de Alicante. _92280 |
|
| 830 | 0 | 0 |
_aPublicaciones de la Caja de Ahorros Provincial de Alicante _v159 _9186986 |
| 852 |
_aES-MaACL _jL-16264 _bR.120913 |
||
| 942 | _2udc | ||
| 999 |
_c8847 _d8847 |
||